| 000 | 00368nam a22001457a 4500 | ||
|---|---|---|---|
| 020 | _a9780256184075 | ||
| 040 | _cNust | ||
| 082 |
_a658.15 _bROS |
||
| 100 |
_aROSS _9127312 |
||
| 245 | _aFundamentals of corporate finance | ||
| 250 | _a3rs Edition | ||
| 260 |
_aChicago: _bIRWIN, _c1995. |
||
| 650 |
_aFundamentals of corporate finance _9127313 |
||
| 942 |
_2ddc _cBK |
||
| 999 |
_c612471 _d612471 |
||